000 00219nam a22000977a 4500
082 _a823
_bDAV/C
100 _aDAVID, PILKEY
245 _aCAPTAIN UNDERPANTS
246 _aCAPTAIN UNDERPANTS
_bCAPTAIN UNDERPANTS
942 _cBK
999 _c8384
_d8384